00330nam a2200133Ia 45000030006000000080041000060400015000471000023000622450038000852600038001233000006001615460012001670050017001790STCL150530s9999 xx 000 0 und d aSTCLcSTCL aSwarnalata Agrawal aBharathiya Sanskrithi Ke Mooladar bRajasthan Prakashan; Jaipurc1982 a0 aEnglish20220125171310.0